00702nam a2200205Ia 4500003000900000008004100009020001800050040001600068080001600084110003500100245012500135250001300260260004400273300001100317650003600328650001900364942000700383999001500390952009100405IN-BaIIA211028s9999 xx 000 0 eng d a0-85229-413-1 cIIA Library a031bEBR-10 aEncyclopedia Britannica910946 4aThe New Encyclopaedia Britannica in 30 Volumesbvol. 10, micropaedia, ready reference and IndexcEncyclopedia Britannica a25th ed. aChicagobEncyclopaedia Britannicac1984 a1060p. aEncyclopedia-Micropaedia913704 aNASA Thesaurus cBK c8150d8150 00104070aBANbBANcGENd1985-03-19l0o031/EBR-10p8988r2021-11-05w1985-03-19yBK